000 00878nam0a22002651 4500
001 rc\2921887
005 20250806211451.0
035 _a(NLR Aleph) 007072014
090 _a17549
_c17549
100 _a20110813d1943 u y0rusy50 ca
101 0 _arus
102 _aRU
105 _aa z |||||
200 1 _aПервые уроки слесарного дела
_fА.А. Северьянов
210 _a[Ленинград]
_cЛениздат
_d1943
215 _a54, [2] с.
_cил., табл.
_d19 см
225 1 _aВ помощь молодому рабочему
700 1 _aСеверьянов
_bА.А.
_gАлександр Аркадьевич
801 0 _aRU
_bNLR
_gpsbo
801 1 _aRU
_bELAR
_2rusmarc
852 _aNLR
_jТ36 Г-4/134
942 _cBOOK
945 _aРоссийская национальная библиотека
980 _aNB
980 _aBV